000 00360nam a2200133Ia 4500
008 240624s9999 xx 000 0 und d
041 _aeng
082 _a153.8 THO
100 _aTHOMPSON GAIL L
245 _aYES YOU CAN ADVICE FOR TEACHERS WHO WANT
260 _c2014
_aLondon
_bCorwin (Sage Company)
300 _axiii, : 208 : p. : cm. ; 27
365 _c
_b25
999 _c23303
_d23303